000 00691nam a22002177a 4500
005 20251108172655.0
008 250721s2002 xx 000 0 ara d
082 1 4 _a230.92/عجل
100 1 _aالعجلوني، أبوالفداء إسماعيل بن محمد...
_eمؤلف
245 1 0 _aإضاءة البدرين في ترجمة الشيخين /
264 1 _aعمان :
_bالمحققين،
_c2002.
300 _a110ص.
650 1 7 _aعلوم الحديث
650 1 7 _aالحديث الشريف
650 1 7 _aالتراجم
650 1 7 _aالمحدثين
653 _aرواة الحديث
700 1 _aمشعل، فراس
_eمحقق
942 _2ddc
_cBK
999 _c85578
_d85578